01414nam a22003614a 4500001001200000003000800012006001900020007001500039008004100054010001700095020001500112040002100127035002000148050002500168082001600193100002100209245017500230260004400405300001700449490003400466504005000500533015200550650002300702650001600725650003100741655002900772700003000801700002600831710001700857830003500874856012600909999001701035ebr10015751CaPaEBRm u cr cn|||||||||990701s2000 dcu sb 001 0 eng  z 99038802  z0821345672 aCaPaEBRcCaPaEBR a(OCoLC)4813869214aHQ767.9b.E96 2000eb04a305.2312211 aEvans, Judith L.10aEarly childhood countsh[electronic resource] :ba programming guide on early childhood care for development /cJudith L. Evans with Robert G. Meyers and Ellen M. Ilfeld. aWashington, D.C. :bWorld Bank,cc2000. aviii, 412 p.1 aWBI learning resources series aIncludes bibliograhical references and index. aElectronic reproduction.bPalo Alto, Calif. :cebrary,d2013.nAvailable via World Wide Web.nAccess may be limited to ebrary affiliated libraries. 0aChild development. 0aChild care. 0aEarly childhood education. 7aElectronic books.2local1 aMeyers, Robert G.,d1934-1 aIlfeld, Ellen,d1955-2 aebrary, Inc. 0aWBI learning resources series.40uhttp://site.ebrary.com/lib/rucke/Doc?id=10015751zAn electronic book accessible through the World Wide Web; click to view c10651d10651